00298 a2200121 4500003000400000005001700004008004100021040000900062082001900071100001500090245006100105300001000166OSt20240905151818.0240131b |||||||| |||| 00| 0 eng d coclc a297.122bKAT/T aKathir,Ibn aTAFSIR AL QURAN AL ADHEEM / IBN KATHIR VOL-3cIbn Kathir a769p.